| 000 | 00568nam a22001817a 4500 | ||
|---|---|---|---|
| 003 | OSt | ||
| 005 | 20251205015446.0 | ||
| 008 | 251205b |||||||| |||| 00| 0 eng d | ||
| 020 | _a978-971-542-364-9. | ||
| 040 |
_aDWCL-Admin lib _cOC |
||
| 082 | _aFil. 899.2103 B328s 2002 | ||
| 100 | _aBatacan F.H. | ||
| 245 |
_aSmaller and smaller circles : _ba novel / _cF.H. Batacan |
||
| 260 |
_a Quezon City : _bThe University of the Philippines Press , _cc2002 |
||
| 300 |
_a 155 p. ; _c21 cm. |
||
| 650 | _a1. Philippine fiction ( English). | ||
| 942 |
_2ddc _cBK - FIL _kFil. _n0 |
||
| 999 |
_c6906 _d6906 |
||